[Event "Iran Chess Championship Semi Final 2015 "]
[Site "Rasht , Iran"]
[Date "2015.12.13"]
[Round "1"]
[Board "1"]
[White "Moradi, Behrooz"]
[Black "Darini, Pouria"]
[Result "0-1"]
[WhiteElo "2237"]
[BlackElo "2500"]
[PlyCount "0"]
[EventDate "2015.12.13"]
[EventRounds "9"]
[EventCountry "IRI"]

1. e4 {[%clk 1:30:51]} c5 {[%clk 1:30:49]} 2. Nf3 {[%clk 1:31:06]} d6
{[%clk 1:31:14]} 3. d4 {[%clk 1:31:32]} cxd4 {[%clk 1:31:39]} 4. Nxd4
{[%clk 1:31:57]} Nf6 {[%clk 1:32:02]} 5. Nc3 {[%clk 1:32:21]} a6 {[%clk 1:32:29]}
6. f3 {[%clk 1:32:25]} e5 {[%clk 1:32:40]} 7. Nb3 {[%clk 1:32:45]} Be6
{[%clk 1:33:08]} 8. Be3 {[%clk 1:33:04]} h5 {[%clk 1:33:20]} 9. Nd5
{[%clk 1:28:34]} Bxd5 {[%clk 1:33:24]} 10. exd5 {[%clk 1:28:56]} Nbd7
{[%clk 1:33:15]} 11. Be2 {[%clk 1:28:02]} g6 {[%clk 1:33:36]} 12. Qd2
{[%clk 1:27:45]} a5 {[%clk 1:31:00]} 13. O-O {[%clk 1:25:29]} a4 {[%clk 1:31:14]}
14. Nc1 {[%clk 1:25:45]} Qa5 {[%clk 1:31:38]} 15. Qxa5 {[%clk 1:23:39]} Rxa5
{[%clk 1:32:06]} 16. c4 {[%clk 1:23:32]} Bh6 {[%clk 1:32:30]} 17. Bxh6
{[%clk 1:19:40]} Rxh6 {[%clk 1:32:55]} 18. Nd3 {[%clk 1:19:32]} Ke7
{[%clk 1:14:50]} 19. b4 {[%clk 1:18:55]} axb3 {[%clk 1:05:01]} 20. axb3
{[%clk 1:19:02]} Rxa1 {[%clk 1:05:22]} 21. Rxa1 {[%clk 1:19:26]} Rh8
{[%clk 1:02:38]} 22. Kf2 {[%clk 1:16:50]} h4 {[%clk 0:57:15]} 23. Ra7
{[%clk 1:13:16]} Rb8 {[%clk 0:54:12]} 24. Ke3 {[%clk 1:09:05]} Nh5
{[%clk 0:52:18]} 25. f4 {[%clk 0:58:27]} exf4+ {[%clk 0:43:25]} 26. Kd4
{[%clk 0:53:20]} Ng7 {[%clk 0:35:16]} 27. Nxf4 {[%clk 0:50:59]} g5
{[%clk 0:25:25]} 28. Nd3 {[%clk 0:50:09]} Nf5+ {[%clk 0:23:29]} 29. Kc3
{[%clk 0:49:29]} Nf6 {[%clk 0:19:52]} 30. Nb4 {[%clk 0:41:43]} Ne4+
{[%clk 0:12:48]} 31. Kb2 {[%clk 0:41:22]} Kf6 {[%clk 0:13:17]} 32. Nc2
{[%clk 0:33:27]} Nf2 {[%clk 0:08:58]} 33. Kc3 {[%clk 0:18:05]} Ne4+
{[%clk 0:06:45]} 34. Kb2 {[%clk 0:17:55]} Nf2 {[%clk 0:07:14]} 35. Kc3
{[%clk 0:18:16]} Re8 {[%clk 0:05:08]} 36. Bd3 {[%clk 0:18:40]} Ne3
{[%clk 0:03:52]} 37. Rxb7 {[%clk 0:16:41]} Nxg2 {[%clk 0:04:17]} 38. Rd7
{[%clk 0:14:20]} Nf4 {[%clk 0:04:15]} 39. Bh7 {[%clk 0:13:49]} g4
{[%clk 0:03:06]} 40. Nd4 {[%clk 0:10:44]} g3 {[%clk 0:02:52]} 41. hxg3
{[%clk 0:10:57]} hxg3 {[%clk 0:03:00]} 42. Rxd6+ {[%clk 0:10:57]} Ke5
{[%clk 0:00:34]} 43. c5 {[%clk 0:06:28]} Nd1+ {[%clk 0:00:33]} 44. Kc4
{[%clk 0:06:18]} Ne3+ {[%clk 0:00:59]} 45. Kc3 {[%clk 0:06:28]} Nfxd5+
{[%clk 0:01:13]} 46. Kd3 {[%clk 0:06:50]} g2 {[%clk 0:01:08]} 47. Nf3+
{[%clk 0:04:20]} Kf4 {[%clk 0:01:38]} 48. Ng1 {[%clk 0:04:14]} f5
{[%clk 0:01:14]} 49. c6 {[%clk 0:03:27]} Rb8 {[%clk 0:00:37]} 50. c7
{[%clk 0:00:46]} Rxb3+ {[%clk 0:01:06]} 51. Ke2 {[%clk 0:00:38]} Rb2+
{[%clk 0:00:54]} 52. Kd3 {[%clk 0:00:49]} Rb3+ {[%clk 0:01:05]} 53. Ke2
{[%clk 0:01:18]} Nxc7 {[%clk 0:01:23]} 54. Rd3 {[%clk 0:00:35]} Rb2+
{[%clk 0:01:30]} 55. Rd2 {[%clk 0:00:48]} Rb1 {[%clk 0:00:37]} 56. Nh3+
{[%clk 0:00:45]} Kg3 {[%clk 0:00:54]} 57. Kxe3 {[%clk 0:01:08]} Re1+
{[%clk 0:01:23]} 58. Kd4 {[%clk 0:00:59]} Kxh3 {[%clk 0:01:36]} 59. Bxf5+
{[%clk 0:01:11]} Kg3 {[%clk 0:02:05]} 60. Rd3+ {[%clk 0:01:16]} Kf4
{[%clk 0:02:24]} 0-1

[Event "Iran Chess Championship Semi Final 2015 "]
[Site "Rasht , Iran"]
[Date "2015.12.13"]
[Round "1"]
[Board "2"]
[White "Tabatabaei, M.Amin"]
[Black "Bagheri, Maziar"]
[Result "1-0"]
[WhiteElo "2482"]
[BlackElo "2237"]
[PlyCount "0"]
[EventDate "2015.12.13"]
[EventRounds "9"]
[EventCountry "IRI"]

1. e4 {[%clk 1:30:58]} e5 {[%clk 1:30:54]} 2. Nf3 {[%clk 1:31:22]} Nc6
{[%clk 1:31:19]} 3. Bb5 {[%clk 1:31:46]} a6 {[%clk 1:31:43]} 4. Ba4
{[%clk 1:32:08]} Nf6 {[%clk 1:32:06]} 5. O-O {[%clk 1:32:32]} Be7
{[%clk 1:32:32]} 6. Re1 {[%clk 1:32:53]} b5 {[%clk 1:32:54]} 7. Bb3
{[%clk 1:33:16]} O-O {[%clk 1:33:15]} 8. c3 {[%clk 1:33:42]} d5 {[%clk 1:31:22]}
9. exd5 {[%clk 1:34:03]} Nxd5 {[%clk 1:31:50]} 10. Nxe5 {[%clk 1:34:21]} Nxe5
{[%clk 1:32:15]} 11. Rxe5 {[%clk 1:34:43]} c6 {[%clk 1:32:40]} 12. d4
{[%clk 1:35:04]} Bd6 {[%clk 1:31:17]} 13. Re1 {[%clk 1:35:26]} Qh4
{[%clk 1:31:13]} 14. g3 {[%clk 1:35:49]} Qh3 {[%clk 1:31:35]} 15. Re4
{[%clk 1:36:13]} Bd7 {[%clk 1:19:56]} 16. Rh4 {[%clk 1:35:17]} Qe6
{[%clk 1:20:11]} 17. Nd2 {[%clk 1:35:34]} Rae8 {[%clk 1:06:30]} 18. Ne4
{[%clk 1:30:45]} Be7 {[%clk 0:50:03]} 19. Bg5 {[%clk 1:30:06]} f5
{[%clk 0:48:36]} 20. Bxe7 {[%clk 1:24:21]} Qxe7 {[%clk 0:44:40]} 21. Nc5
{[%clk 1:23:55]} Kh8 {[%clk 0:39:28]} 22. Bxd5 {[%clk 1:15:38]} cxd5
{[%clk 0:39:45]} 23. Qh5 {[%clk 1:14:13]} g5 {[%clk 0:39:45]} 24. Nxd7
{[%clk 1:14:03]} Qxd7 {[%clk 0:35:57]} 25. Qxg5 {[%clk 1:14:02]} Re2
{[%clk 0:36:03]} 26. Kf1 {[%clk 1:03:49]} Rfe8 {[%clk 0:29:04]} 27. Qf6+
{[%clk 1:02:00]} Qg7 {[%clk 0:29:32]} 28. Qxf5 {[%clk 1:02:17]} Rxb2
{[%clk 0:29:52]} 29. Re1 {[%clk 0:58:17]} Rxe1+ {[%clk 0:29:43]} 30. Kxe1
{[%clk 0:58:45]} Qe7+ {[%clk 0:29:42]} 31. Kf1 {[%clk 0:58:50]} Rxa2
{[%clk 0:29:04]} 32. Qc8+ {[%clk 0:58:56]} 1-0

[Event "Iran Chess Championship Semi Final 2015 "]
[Site "Rasht , Iran"]
[Date "2015.12.13"]
[Round "1"]
[Board "3"]
[White "Omidi, Arya"]
[Black "Mosadeghpour, Masoud"]
[Result "0-1"]
[WhiteElo "2236"]
[BlackElo "2479"]
[PlyCount "0"]
[EventDate "2015.12.13"]
[EventRounds "9"]
[EventCountry "IRI"]

1. e4 {[%clk 1:30:58]} e5 {[%clk 1:30:51]} 2. Nf3 {[%clk 1:31:22]} Nf6
{[%clk 1:31:12]} 3. Nxe5 {[%clk 1:31:42]} d6 {[%clk 1:31:35]} 4. Nf3
{[%clk 1:32:09]} Nxe4 {[%clk 1:31:57]} 5. Qe2 {[%clk 1:32:33]} Qe7
{[%clk 1:32:21]} 6. d3 {[%clk 1:32:59]} Nf6 {[%clk 1:32:50]} 7. Bg5
{[%clk 1:33:27]} Nbd7 {[%clk 1:33:13]} 8. Nc3 {[%clk 1:32:52]} Qxe2+
{[%clk 1:33:37]} 9. Bxe2 {[%clk 1:33:14]} h6 {[%clk 1:34:04]} 10. Be3
{[%clk 1:33:06]} Be7 {[%clk 1:33:47]} 11. O-O {[%clk 1:25:25]} O-O
{[%clk 1:33:51]} 12. Nb5 {[%clk 1:15:57]} a6 {[%clk 1:26:12]} 13. Nxc7
{[%clk 1:06:07]} Rb8 {[%clk 1:26:33]} 14. Bf4 {[%clk 1:04:52]} g5
{[%clk 1:25:49]} 15. Bg3 {[%clk 1:04:17]} Nb6 {[%clk 1:26:18]} 16. Rfe1
{[%clk 0:51:36]} Rd8 {[%clk 1:25:48]} 17. Bf1 {[%clk 0:47:45]} Bf8
{[%clk 1:24:22]} 18. Nd2 {[%clk 0:24:29]} Bf5 {[%clk 1:12:28]} 19. c4
{[%clk 0:11:21]} Rbc8 {[%clk 1:07:32]} 20. Nd5 {[%clk 0:10:43]} Nfxd5
{[%clk 1:05:37]} 21. cxd5 {[%clk 0:11:11]} Rc2 {[%clk 1:05:32]} 22. Ne4
{[%clk 0:10:24]} Nxd5 {[%clk 1:05:02]} 23. Rab1 {[%clk 0:08:39]} Bg6
{[%clk 1:02:22]} 24. Be2 {[%clk 0:06:38]} Bg7 {[%clk 0:54:01]} 25. Nxd6
{[%clk 0:04:55]} b5 {[%clk 0:54:30]} 26. Bd1 {[%clk 0:04:12]} Rc6
{[%clk 0:52:48]} 27. Nb7 {[%clk 0:04:22]} Rd7 {[%clk 0:51:10]} 28. Bb3
{[%clk 0:03:17]} Nb4 {[%clk 0:50:37]} 29. Re8+ {[%clk 0:03:07]} Kh7
{[%clk 0:50:59]} 30. Na5 {[%clk 0:03:25]} Rc5 {[%clk 0:49:09]} 31. h3 Nxd3
{[%clk 0:48:35]} 32. Rd1 {[%clk 0:03:12]} Bxb2 {[%clk 0:48:37]} 33. Ra8
{[%clk 0:03:03]} Rc1 {[%clk 0:44:17]} 34. Rxc1 {[%clk 0:03:12]} Nxc1
{[%clk 0:44:45]} 35. Kh2 {[%clk 0:01:36]} Ne2 {[%clk 0:45:07]} 36. Rxa6
{[%clk 0:00:48]} Nxg3 {[%clk 0:45:31]} 37. fxg3 {[%clk 0:01:05]} Be4
{[%clk 0:45:56]} 38. h4 g4 {[%clk 0:46:12]} 39. Rb6 {[%clk 0:00:31]} Rd2
{[%clk 0:46:25]} 40. Rxb5 {[%clk 0:00:52]} Rxg2+ {[%clk 0:46:49]} 41. Kh1 Bd4 0-1

[Event "Iran Chess Championship Semi Final 2015 "]
[Site "Rasht , Iran"]
[Date "2015.12.13"]
[Round "1"]
[Board "4"]
[White "Pourramezanali, Amirreza"]
[Black "Khamisi, S Jafar"]
[Result "0-1"]
[WhiteElo "2472"]
[BlackElo "2224"]
[PlyCount "0"]
[EventDate "2015.12.13"]
[EventRounds "9"]
[EventCountry "IRI"]

1. d4 {[%clk 1:30:58]} d5 {[%clk 1:30:46]} 2. Nf3 {[%clk 1:31:22]} Nf6
{[%clk 1:31:05]} 3. c4 {[%clk 1:31:46]} c6 {[%clk 1:31:15]} 4. Nc3
{[%clk 1:31:35]} e6 {[%clk 1:31:16]} 5. e3 {[%clk 1:31:59]} Nbd7 {[%clk 1:30:51]}
6. Bd3 {[%clk 1:32:23]} dxc4 {[%clk 1:29:17]} 7. Bxc4 {[%clk 1:32:52]} b5
{[%clk 1:28:57]} 8. Bd3 {[%clk 1:33:20]} Bd6 {[%clk 1:29:15]} 9. O-O
{[%clk 1:33:36]} O-O {[%clk 1:29:23]} 10. e4 {[%clk 1:34:03]} e5 {[%clk 1:29:28]}
11. Ne2 {[%clk 1:33:25]} c5 {[%clk 0:59:58]} 12. d5 {[%clk 1:27:15]} c4
{[%clk 1:00:19]} 13. Bc2 {[%clk 1:27:43]} Nc5 {[%clk 1:00:42]} 14. Ng3
{[%clk 1:28:08]} Bd7 {[%clk 1:00:40]} 15. h3 {[%clk 1:20:10]} a5 {[%clk 0:52:00]}
16. Qe2 {[%clk 1:10:14]} a4 {[%clk 0:51:56]} 17. Nh2 {[%clk 0:57:03]} Re8
{[%clk 0:43:27]} 18. Rd1 {[%clk 0:57:20]} h6 {[%clk 0:36:07]} 19. Nhf1
{[%clk 0:55:10]} Kh7 {[%clk 0:32:19]} 20. Ne3 {[%clk 0:49:40]} g6
{[%clk 0:31:13]} 21. Qf3 {[%clk 0:43:04]} Bf8 {[%clk 0:27:03]} 22. Bd2
{[%clk 0:39:22]} Kg7 {[%clk 0:14:23]} 23. Ngf1 {[%clk 0:32:58]} Bd6
{[%clk 0:10:40]} 24. Bc3 {[%clk 0:22:11]} Qe7 {[%clk 0:07:43]} 25. Nh2
{[%clk 0:16:57]} h5 {[%clk 0:04:46]} 26. Bd2 {[%clk 0:15:52]} Nh7
{[%clk 0:03:55]} 27. Nef1 {[%clk 0:15:48]} Rf8 {[%clk 0:02:19]} 28. Qe2
{[%clk 0:15:29]} Kh8 {[%clk 0:01:42]} 29. Nf3 {[%clk 0:14:46]} Qf6
{[%clk 0:01:30]} 30. Qe3 {[%clk 0:14:47]} Rg8 {[%clk 0:01:06]} 31. Bc3
{[%clk 0:10:28]} Rac8 {[%clk 0:01:19]} 32. Qh6 {[%clk 0:07:27]} Bxh3
{[%clk 0:00:54]} 33. Qe3 {[%clk 0:05:03]} Bd7 {[%clk 0:00:47]} 34. N3d2
{[%clk 0:04:33]} g5 {[%clk 0:00:40]} 35. Ng3 {[%clk 0:04:53]} h4 {[%clk 0:00:44]}
36. Nf5 {[%clk 0:05:22]} Bxf5 {[%clk 0:01:00]} 37. exf5 {[%clk 0:05:51]} g4
{[%clk 0:01:19]} 38. Re1 {[%clk 0:05:52]} Rce8 {[%clk 0:00:53]} 39. Bb4
{[%clk 0:06:14]} Qe7 {[%clk 0:00:57]} 40. f6 {[%clk 0:06:36]} Qf8
{[%clk 0:00:58]} 41. Kf1 {[%clk 0:01:34]} Nxf6 {[%clk 0:01:16]} 42. Ke2
{[%clk 0:02:03]} Nxd5 {[%clk 0:01:05]} 43. Qa3 {[%clk 0:02:09]} Nxb4
{[%clk 0:01:15]} 44. Qxb4 {[%clk 0:02:38]} Nb3 {[%clk 0:01:08]} 45. Qxb5
{[%clk 0:02:54]} Ra8 0-1

[Event "Iran Chess Championship Semi Final 2015 "]
[Site "Rasht , Iran"]
[Date "2015.12.13"]
[Round "1"]
[Board "5"]
[White "Mari Ooriad, Pouya"]
[Black "Lorparizangeneh, Shahin"]
[Result "0-1"]
[WhiteElo "2215"]
[BlackElo "2454"]
[PlyCount "0"]
[EventDate "2015.12.13"]
[EventRounds "9"]
[EventCountry "IRI"]

1. e4 {[%clk 1:30:14]} e5 {[%clk 1:30:16]} 2. Bc4 {[%clk 1:28:40]} Nf6
{[%clk 1:29:33]} 3. d4 {[%clk 1:28:20]} exd4 {[%clk 1:28:04]} 4. Nf3
{[%clk 1:27:45]} Bb4+ {[%clk 1:09:40]} 5. c3 {[%clk 1:17:32]} dxc3
{[%clk 1:08:50]} 6. bxc3 {[%clk 1:17:59]} d5 {[%clk 1:09:09]} 7. exd5
{[%clk 0:58:00]} Be7 {[%clk 0:59:05]} 8. O-O {[%clk 0:53:28]} O-O
{[%clk 0:59:22]} 9. Bb3 {[%clk 0:41:12]} Bg4 {[%clk 0:55:09]} 10. Re1
{[%clk 0:27:17]} Na6 {[%clk 0:42:55]} 11. Bf4 {[%clk 0:14:43]} Nc5
{[%clk 0:40:06]} 12. c4 {[%clk 0:13:39]} Bd6 {[%clk 0:33:31]} 13. Bg5
{[%clk 0:08:01]} h6 {[%clk 0:33:32]} 14. Be3 {[%clk 0:04:26]} Nfe4
{[%clk 0:26:37]} 15. Nbd2 {[%clk 0:02:56]} Nxd2 {[%clk 0:23:45]} 16. Qxd2
{[%clk 0:01:37]} Bxf3 {[%clk 0:23:56]} 17. gxf3 {[%clk 0:02:05]} Qh4
{[%clk 0:17:49]} 18. f4 {[%clk 0:02:26]} Rae8 {[%clk 0:17:27]} 19. Bc2
{[%clk 0:01:28]} Ne4 {[%clk 0:16:34]} 20. Qe2 {[%clk 0:01:18]} Ng5
{[%clk 0:16:21]} 21. Qd3 {[%clk 0:00:54]} Qg4+ {[%clk 0:15:28]} 22. Kf1
{[%clk 0:00:54]} Qh3+ {[%clk 0:15:41]} 23. Ke2 {[%clk 0:01:07]} Bxf4
{[%clk 0:15:30]} 24. Kd2 {[%clk 0:01:13]} Qxh2 {[%clk 0:15:17]} 25. Kc3
{[%clk 0:01:23]} Bxe3 {[%clk 0:13:27]} 0-1

[Event "Iran Chess Championship Semi Final 2015 "]
[Site "Rasht , Iran"]
[Date "2015.12.13"]
[Round "1"]
[Board "6"]
[White "Maghsoodloo, Parham"]
[Black "Roohi, Abdolmajid"]
[Result "1-0"]
[WhiteElo "2443"]
[BlackElo "2201"]
[PlyCount "0"]
[EventDate "2015.12.13"]
[EventRounds "9"]
[EventCountry "IRI"]

1. Nf3 {[%clk 1:30:57]} Nf6 {[%clk 1:30:50]} 2. g3 {[%clk 1:31:22]} b6
{[%clk 1:31:01]} 3. Bg2 {[%clk 1:31:47]} Bb7 {[%clk 1:31:28]} 4. O-O
{[%clk 1:32:11]} e6 {[%clk 1:31:44]} 5. d3 {[%clk 1:32:36]} Be7 {[%clk 1:32:03]}
6. Nbd2 {[%clk 1:33:00]} O-O {[%clk 1:31:51]} 7. e4 {[%clk 1:33:24]} d6
{[%clk 1:30:29]} 8. Re1 {[%clk 1:33:42]} c5 {[%clk 1:30:15]} 9. b3
{[%clk 1:33:57]} Nfd7 {[%clk 1:27:36]} 10. Bb2 {[%clk 1:34:18]} Bf6
{[%clk 1:27:19]} 11. c3 {[%clk 1:31:55]} Nc6 {[%clk 1:26:04]} 12. d4
{[%clk 1:31:46]} d5 {[%clk 1:23:37]} 13. exd5 {[%clk 1:27:49]} exd5
{[%clk 1:23:59]} 14. Nf1 {[%clk 1:28:13]} cxd4 {[%clk 1:16:27]} 15. cxd4
{[%clk 1:27:47]} Re8 {[%clk 1:10:24]} 16. Rxe8+ {[%clk 1:26:24]} Qxe8
{[%clk 1:10:51]} 17. Ne3 {[%clk 1:26:41]} Qe6 {[%clk 1:05:42]} 18. h4
{[%clk 1:22:06]} Ne7 {[%clk 1:01:55]} 19. Kh2 {[%clk 1:22:19]} Nb8
{[%clk 0:51:11]} 20. Bh3 {[%clk 1:21:10]} Qd6 {[%clk 0:49:48]} 21. Nc2
{[%clk 1:20:41]} Nbc6 {[%clk 0:48:24]} 22. Ba3 {[%clk 1:20:59]} Qd8
{[%clk 0:48:42]} 23. Ne3 {[%clk 1:21:19]} Bc8 {[%clk 0:48:20]} 24. Ng4
{[%clk 1:20:18]} Nf5 {[%clk 0:44:26]} 25. Rc1 {[%clk 1:15:35]} Bd7
{[%clk 0:38:24]} 26. Nge5 {[%clk 1:05:07]} Bxe5 {[%clk 0:33:12]} 27. dxe5
{[%clk 1:03:23]} Nfe7 {[%clk 0:32:49]} 28. e6 {[%clk 0:57:22]} Bxe6
{[%clk 0:29:41]} 29. Ng5 {[%clk 0:57:13]} Bxh3 {[%clk 0:09:22]} 30. Qh5
{[%clk 0:57:37]} h6 {[%clk 0:06:33]} 31. Qxf7+ {[%clk 0:57:57]} Kh8
{[%clk 0:07:03]} 32. Nxh3 {[%clk 0:57:31]} Qe8 {[%clk 0:06:40]} 33. Qe6
{[%clk 0:57:47]} Qc8 {[%clk 0:06:11]} 34. Qe2 {[%clk 0:58:01]} Qd7
{[%clk 0:06:08]} 35. Nf4 {[%clk 0:58:29]} Nf5 {[%clk 0:05:06]} 36. Qh5
{[%clk 0:58:12]} Ne5 {[%clk 0:03:56]} 37. Re1 {[%clk 0:58:27]} Nc6
{[%clk 0:02:40]} 38. Re6 {[%clk 0:55:13]} Ncd4 {[%clk 0:02:30]} 39. Re5
{[%clk 0:55:29]} g6 {[%clk 0:00:40]} 40. Nxg6+ {[%clk 0:55:46]} Kg7
{[%clk 0:01:09]} 41. Ne7 {[%clk 0:55:10]} 1-0

[Event "Iran Chess Championship Semi Final 2015 "]
[Site "Rasht , Iran"]
[Date "2015.12.13"]
[Round "1"]
[Board "7"]
[White "Aghaei, Alireza"]
[Black "Mousavi, Seyed Khalil"]
[Result "0-1"]
[WhiteElo "2189"]
[BlackElo "2434"]
[PlyCount "0"]
[EventDate "2015.12.13"]
[EventRounds "9"]
[EventCountry "IRI"]

1. d4 {[%clk 1:30:50]} d5 {[%clk 1:30:36]} 2. c4 {[%clk 1:30:55]} dxc4
{[%clk 1:30:48]} 3. e3 {[%clk 1:27:32]} e6 {[%clk 1:29:17]} 4. Bxc4
{[%clk 1:27:20]} Nf6 {[%clk 1:28:56]} 5. Nf3 {[%clk 1:26:54]} c5 {[%clk 1:29:00]}
6. O-O {[%clk 1:26:04]} a6 {[%clk 1:28:45]} 7. a4 {[%clk 1:24:41]} Nc6
{[%clk 1:28:17]} 8. Nc3 {[%clk 1:24:09]} cxd4 {[%clk 1:27:37]} 9. exd4
{[%clk 1:23:46]} Be7 {[%clk 1:27:19]} 10. Re1 {[%clk 1:15:24]} O-O
{[%clk 1:25:01]} 11. Bg5 {[%clk 1:13:14]} Nb4 {[%clk 1:18:31]} 12. Qb3
{[%clk 0:48:23]} Nc6 {[%clk 1:12:39]} 13. Qd1 {[%clk 0:47:58]} Qb6
{[%clk 1:10:47]} 14. d5 {[%clk 0:31:05]} exd5 {[%clk 0:53:15]} 15. Nxd5
{[%clk 0:26:49]} Nxd5 {[%clk 0:53:03]} 16. Bxd5 {[%clk 0:21:35]} Bc5
{[%clk 0:48:42]} 17. Be3 {[%clk 0:16:56]} Nb4 {[%clk 0:31:00]} 18. Be4
{[%clk 0:12:13]} Bxe3 19. Rxe3 {[%clk 0:12:25]} Rd8 {[%clk 0:26:03]} 20. Qe2
{[%clk 0:10:44]} g6 {[%clk 0:25:22]} 21. a5 {[%clk 0:04:58]} Qd6 {[%clk 0:25:17]}
22. h3 {[%clk 0:04:55]} Rb8 {[%clk 0:23:53]} 23. Bc2 {[%clk 0:03:02]} Be6
{[%clk 0:21:23]} 24. Bb3 {[%clk 0:02:38]} Bxb3 {[%clk 0:18:06]} 25. Rxb3
{[%clk 0:03:04]} Nc6 {[%clk 0:15:24]} 26. Qe3 {[%clk 0:01:43]} Qf6
{[%clk 0:13:56]} 27. Qc5 {[%clk 0:00:52]} Rbc8 {[%clk 0:11:48]} 28. Qb6
{[%clk 0:00:42]} Rd5 {[%clk 0:10:24]} 29. h4 {[%clk 0:00:40]} Rcd8
{[%clk 0:10:06]} 30. Kh2 {[%clk 0:00:42]} Qf4+ {[%clk 0:09:27]} 31. g3
{[%clk 0:01:01]} Qf6 {[%clk 0:09:34]} 32. Ng5 {[%clk 0:00:54]} h6
{[%clk 0:06:46]} 33. Rf3 {[%clk 0:00:47]} Rf5 {[%clk 0:07:13]} 34. Ne4
{[%clk 0:00:55]} Qe5 {[%clk 0:06:21]} 35. Rxf5 {[%clk 0:00:53]} gxf5
{[%clk 0:05:19]} 36. Nc3 {[%clk 0:00:45]} f4 {[%clk 0:05:27]} 37. Rd1
{[%clk 0:00:50]} fxg3+ {[%clk 0:04:31]} 38. fxg3 {[%clk 0:01:10]} Rxd1
{[%clk 0:04:11]} 39. Nxd1 {[%clk 0:01:36]} Qe2+ {[%clk 0:01:45]} 40. Nf2
{[%clk 0:02:02]} Nxa5 {[%clk 0:02:02]} 41. Qd8+ {[%clk 0:00:55]} Kh7
{[%clk 0:02:22]} 42. Qf6 {[%clk 0:01:01]} Qe6 {[%clk 0:02:08]} 43. Qf4
{[%clk 0:00:47]} Nc4 {[%clk 0:01:03]} 44. b4 {[%clk 0:00:43]} Nd6
{[%clk 0:00:43]} 45. Ng4 {[%clk 0:00:40]} Nf5 {[%clk 0:00:44]} 46. Ne5
{[%clk 0:00:47]} Nd6 {[%clk 0:00:34]} 47. Ng4 {[%clk 0:00:47]} f5
{[%clk 0:00:35]} 48. Ne5 {[%clk 0:00:45]} Ne4 {[%clk 0:00:33]} 49. Kh3
{[%clk 0:00:45]} b6 {[%clk 0:00:34]} 50. Nf3 {[%clk 0:00:47]} Nd6
{[%clk 0:00:36]} 51. Nd4 {[%clk 0:00:37]} Qd5 {[%clk 0:00:45]} 52. Kh2
{[%clk 0:00:38]} a5 {[%clk 0:00:40]} 53. bxa5 {[%clk 0:00:45]} bxa5
{[%clk 0:01:07]} 54. g4 {[%clk 0:00:40]} fxg4 {[%clk 0:01:11]} 55. Qxg4
{[%clk 0:00:59]} Qf7 {[%clk 0:00:40]} 56. Qg3 {[%clk 0:00:43]} Ne4
{[%clk 0:00:35]} 57. Qd3 {[%clk 0:00:37]} Qf4+ {[%clk 0:00:56]} 58. Kh3
{[%clk 0:00:40]} Kh8 {[%clk 0:00:52]} 59. Qb3 {[%clk 0:00:31]} Nf2+
{[%clk 0:00:33]} 60. Qa3 Qxd4+ 61. Kg2 {[%clk 0:00:15]} Kg7 0-1

[Event "Iran Chess Championship Semi Final 2015 "]
[Site "Rasht , Iran"]
[Date "2015.12.13"]
[Round "1"]
[Board "8"]
[White "Gholami, Aryan"]
[Black "Khatibi, Meysam"]
[Result "0-1"]
[WhiteElo "2422"]
[BlackElo "2172"]
[PlyCount "0"]
[EventDate "2015.12.13"]
[EventRounds "9"]
[EventCountry "IRI"]

1. d4 Nf6 2. c4 e6 3. Nc3 Bb4 4. Qc2 O-O 5. e4 d5 6. e5 Ne4 7. a3 Bxc3+ 8. bxc3
c5 9. Bd3 cxd4 10. cxd4 Qa5+ 11. Kf1 Nc6 12. Ne2 f6 13. Bxe4 dxe4 14. exf6 Rxf6
15. Be3 b6 16. Qxe4 Qa4 17. f3 Bb7 18. Kf2 Raf8 19. Bg5 Na5 20. Qh4 R6f7 21. Rhc1
Nb3 22. Be7 Re8 23. Bb4 Nxa1 24. Rxa1 a5 25. Bd6 Qxc4 26. Rb1 Qc6 27. Qg3 Ba6 28.
Rc1 Qa4 29. Qe5 Qb5 30. Qxb5 Bxb5 31. Nf4 Rb7 32. Re1 Bc4 33. Rc1 b5 34. Ke3 Kf7
35. h4 Rd8 36. Bc5 Rc8 37. Ke4 g6 38. g4 e5 39. Kxe5 Re8+ 40. Kd6 Rbb8 41. Rc3
Rbc8 42. Nd3 Red8+ 43. Ke5 Bxd3 44. Rxd3 Rxc5+ 0-1

[Event "Iran Chess Championship Semi Final 2015 "]
[Site "Rasht , Iran"]
[Date "2015.12.13"]
[Round "1"]
[Board "9"]
[White "Vaghar, Mohsen"]
[Black "Javanbakht, Nima"]
[Result "0-1"]
[WhiteElo "2172"]
[BlackElo "2410"]
[PlyCount "0"]
[EventDate "2015.12.13"]
[EventRounds "9"]
[EventCountry "IRI"]

1. e4 {[%clk 1:30:33]} c5 {[%clk 1:30:37]} 2. Nf3 {[%clk 1:30:25]} Nc6
{[%clk 1:30:59]} 3. c3 {[%clk 1:29:54]} Nf6 {[%clk 1:31:04]} 4. e5
{[%clk 1:28:51]} Nd5 {[%clk 1:31:28]} 5. d4 {[%clk 1:27:43]} cxd4
{[%clk 1:31:12]} 6. cxd4 {[%clk 1:28:02]} d6 {[%clk 1:31:34]} 7. Bc4
{[%clk 1:22:58]} e6 {[%clk 1:31:21]} 8. O-O {[%clk 1:22:12]} Be7 {[%clk 1:31:36]}
9. exd6 {[%clk 1:16:28]} Qxd6 {[%clk 1:30:42]} 10. Nc3 {[%clk 1:16:24]} O-O
{[%clk 1:24:26]} 11. Re1 {[%clk 1:10:28]} Nf6 {[%clk 1:08:14]} 12. a3
{[%clk 0:59:56]} Rd8 {[%clk 1:03:34]} 13. Be3 {[%clk 0:59:02]} a6
{[%clk 1:02:49]} 14. Qe2 {[%clk 0:48:05]} b5 {[%clk 1:02:05]} 15. Ba2
{[%clk 0:46:07]} b4 {[%clk 0:57:52]} 16. Na4 {[%clk 0:45:08]} a5 {[%clk 0:50:35]}
17. d5 {[%clk 0:29:47]} Ba6 {[%clk 0:49:16]} 18. Qc2 {[%clk 0:29:34]} Nxd5
{[%clk 0:47:38]} 19. Bxd5 {[%clk 0:29:40]} exd5 {[%clk 0:47:32]} 20. Bc5
{[%clk 0:27:43]} Qf6 {[%clk 0:47:38]} 21. Bxe7 {[%clk 0:23:19]} Nxe7
{[%clk 0:48:01]} 22. Qc7 {[%clk 0:22:03]} Nc6 {[%clk 0:41:23]} 23. Nc5
{[%clk 0:13:37]} Rac8 {[%clk 0:37:56]} 24. Qb6 {[%clk 0:09:22]} Bc4
{[%clk 0:38:16]} 25. Nb7 {[%clk 0:08:39]} Re8 {[%clk 0:34:06]} 26. Nxa5
{[%clk 0:08:25]} Nxa5 {[%clk 0:30:44]} 27. Qxa5 {[%clk 0:08:36]} bxa3
{[%clk 0:31:08]} 28. Qxa3 {[%clk 0:08:40]} Be2 {[%clk 0:29:41]} 29. Qa4
{[%clk 0:00:49]} Re4 {[%clk 0:25:55]} 30. Qa8 {[%clk 0:00:35]} Qd8
{[%clk 0:23:43]} 31. Qa3 {[%clk 0:00:53]} d4 {[%clk 0:21:52]} 32. Nd2
{[%clk 0:01:15]} Re6 {[%clk 0:21:56]} 33. Rac1 {[%clk 0:01:16]} Rb8
{[%clk 0:22:02]} 34. b3 {[%clk 0:00:59]} h6 {[%clk 0:21:29]} 35. Rc5
{[%clk 0:01:00]} Qe7 {[%clk 0:20:52]} 36. Qc1 {[%clk 0:00:54]} Kh7
{[%clk 0:20:38]} 37. Rc7 {[%clk 0:00:49]} Qf6 {[%clk 0:20:09]} 38. f3
{[%clk 0:00:43]} d3 {[%clk 0:20:26]} 39. Qc3 {[%clk 0:01:00]} Qg6
{[%clk 0:20:52]} 40. Kf2 {[%clk 0:00:43]} Rbe8 {[%clk 0:20:48]} 41. Rc4
{[%clk 0:00:35]} Bxf3 {[%clk 0:20:37]} 0-1